00757nam a22002657a 4500003000500000005001700005008004100022010000900063011000900072035000900081040000900090082001600099100002000115245006000135260003300195300001100228490005700239500001000296650003900306650002800345650002000373650002300393700001800416830005700434CHAP20220817041049.0971013s1991 r 00010 d a5679 a6651 a5872 cCHAP a636.883bF400aFiems, L O ,ed. aAnimal biotechnology and the quality of meat production aAmsterdam :bElsevier,c1991 a218 p. aDevelopments in animal and veterinary sciencesv; 25 a59-6814aAnimales domesticosxMejoramiento.14aBiotecnología animal.14aCarnexCalidad.14aGenética animal.0 aCottyn, B. G.0 aDevelopments in animal and veterinary sciencesv; 25